CLASSROOM MANAGEMENT: CREATING POSITIVE LEARNING ENVIRONMENTS (Record no. 215880)

MARC details
000 -LEADER
fixed length control field 00601nam a22001937a 4500
008 - FIXED-LENGTH DATA ELEMENTS--GENERAL INFORMATION
fixed length control field 250710b |||||||| |||| 00| 0 eng d
020 ## - INTERNATIONAL STANDARD BOOK NUMBER
International Standard Book Number 978-0170233224
050 ## - LIBRARY OF CONGRESS CALL NUMBER
Classification number LB3013 .L96 2014
100 ## - MAIN ENTRY--PERSONAL NAME
Personal name LYONS, GORDON
245 ## - TITLE STATEMENT
Title CLASSROOM MANAGEMENT: CREATING POSITIVE LEARNING ENVIRONMENTS
250 ## - EDITION STATEMENT
Edition statement 4
260 ## - PUBLICATION, DISTRIBUTION, ETC.
Place of publication, distribution, etc. AUSTRALIA
Name of publisher, distributor, etc. CENGAGE LEARNING AUSTRALIA PTY LIMITED
Date of publication, distribution, etc. 2014
300 ## - PHYSICAL DESCRIPTION
Extent XVII,254P.:ILL
500 ## - GENERAL NOTE
General note INCLUDES BIBLIOGRAPHICAL REFERENCES AND INDEX
650 ## - SUBJECT ADDED ENTRY
Topical term or geographic name entry element CLASSROOM MANAGEMENT
700 ## - ADDED ENTRY--PERSONAL NAME
Personal name 1. FORD, MARGOT 2. SLEE, JUNE
942 ## - ADDED ENTRY ELEMENTS (KOHA)
Source of classification or shelving scheme Library of Congress Classification
Koha item type Long Loan Book
Holdings
Withdrawn status Lost status Source of classification or shelving scheme Damaged status Not for loan Collection Home library Current library Shelving location Date acquired Inventory number Total checkouts Full call number Barcode Date last seen Copy number Price effective from Koha item type
    Library of Congress Classification     Arts & Social Sciences Kisii University Library Kisii University Library On Display 07/10/2025 109080   LB3013 .L96 2014 000000023943 07/10/2025 1 07/10/2025 Long Loan Book
    Library of Congress Classification     Arts & Social Sciences Kisii University Library Kisii University Library On Display 07/10/2025 109081   LB3013 .L96 2014 000000023942 07/10/2025 2 07/10/2025 Long Loan Book
    Library of Congress Classification     Arts & Social Sciences Kisii University Library Kisii University Library On Display 07/10/2025 109082   LB3013 .L96 2014 000000023941 07/10/2025 3 07/10/2025 Long Loan Book
    Library of Congress Classification     Arts & Social Sciences Kisii University Library Kisii University Library On Display 07/10/2025 109083   LB3013 .L96 2014 000000023940 07/10/2025 4 07/10/2025 Long Loan Book
    Library of Congress Classification     Arts & Social Sciences Kisii University Library Kisii University Library On Display 07/10/2025 109084   LB3013 .L96 2014 000000024035 07/10/2025 5 07/10/2025 Long Loan Book